00372nam a2200109Ia 4500008004100000100002000041245004400061260006900105300001100174650000900185856006800194160712s9999 xx 000 0 und d aTiausas, Paolo. cPaolo TiausasaAlamat Tuwing May Salita c2015bLikhaan: The Journal of Contemporary Philippine Literature avol. 9 xTULA uhttp://journals.upd.edu.ph/index.php/lik/issue/view/539/showToc